Poppy Z. Brite Bibliography - Statistics

General Stats
  • This quiz has been taken 20 times
  • The average score is 42 of 93
Answer Stats
Type Year Name % Correct
Short Story 1993 Calcutta, Lord of Nerves
100%
Novel 1993 Drawing Blood
100%
Short Story 1993 His Mouth Will Taste of Wormwood
100%
Short Story 1993 How to Get Ahead in New York
100%
Novel 1992 Lost Souls
100%
Short Story Collection 1993 Wormwood
100%
Short Story 1993 Angels
94%
Short Story Collection 2007 Antediluvian Tales
94%
Biography 1997 Courtney Love: The Real Story
94%
Novella 2007 D*U*C*K
94%
Short Story 1993 Footprints in the Water
94%
Novel 2004 Liquor
94%
Short Story 1993 Missing
94%
Short Story 1993 Optional Music for Voice and Piano
94%
Novel 2006 Soul Kitchen
94%
Short Story 1993 The Ash of Memory, the Dust of Desire
94%
Short Story 1993 The Elder
94%
Novel 1998 The Lazarus Heart
94%
Short Story 1993 The Sixth Sentinel
94%
Novel 2004 Triads
94%
Short Story 1993 A Georgia Story
88%
Short Story Collection 1998 Are You Loathsome Tonight?
88%
Novel 1996 Exquisite Corpse
88%
Essay Collection 2001 Guilty But Insane
88%
Essay 2001 Guilty But Insane
88%
Novel 2005 Prime
88%
Short Story 1998 Self-Made Man
88%
Short Story 2001 The Crystal Empire
88%
Short Story 2001 The Rest of the Wrong Thing
88%
Short Story Collection 2001 Wrong Things
88%
Short Story 2001 Pansu
82%
Novella 2000 Plastic Jesus
82%
Short Story 2000 Stay Awake
82%
Short Story 1993 Xenophobia
82%
Short Story Collection 2021 A Little Purple Book of New Orleans Stories
71%
Short Story 1998 Are You Loathsome Tonight?
71%
Short Story 1999 The Seed of Lost Souls
71%
Novel 2002 The Value of X
71%
Novel 2009 Second Line
59%
Short Story Collection 2003 The Devil You Know
59%
Short Story 2003 The Devil You Know
59%
Short Story Collection 1995 His Mouth Will Taste of Wormwood and Other Stories
53%
Short Story 1998 Mussolini and the Axeman's Jazz
47%
Short Story 1998 Saved
47%
Short Story 1998 Entertaining Mr. Orton
41%
Short Story 1998 In Vermis Veritas
41%
Short Story 1998 King of the Cats
41%
Short Story 1998 America
35%
Essay 2001 Art Can't Hurt You
35%
Short Story 2003 Bayou de la Mère
35%
Short Story 2000 Lantern Marsh
35%
Short Story 2003 Nothing of Him That Doth Fade
35%
Short Story 1998 Arise
29%
Essay 2001 Depraved in Dublin
29%
Short Story 2003 Oh Death, Where Is Thy Spatula? (A Dr. Brite Story)
29%
Essay 2000 Would You?
29%
Essay 1998 Enough Rope
24%
Short Story 2003 A Season in Heck
0%
Essay 2001 A Triad Dream
0%
Short Story 2003 Burn, Baby, Burn
0%
Short Story 2002 Con Party at Hotel California
0%
Short Story 2005 Crown of Thorns
0%
Short Story ???? F**k It, We're Going to Jamaica!
0%
Short Story 2007 Four Flies and a Swatter
0%
Short Story 2007 Henry Goes Shopping
0%
Essay 2001 In Bed with Generation Y2K
0%
Short Story 2007 Liquor for Christmas
0%
Short Story 2003 Marisol (A Dr. Brite Story)
0%
Short Story 1998 Monday's Special (A Dr. Brite Story)
0%
Essay 2001 Nobody's Fault But Mine
0%
Short Story 1998 Pin Money
0%
Short Story 2003 Poivre
0%
Essay 2001 Reviving Chelsea
0%
Essay 1998 R.I.P.
0%
Essay 2001 Sinsemilla and Sensibility
0%
Essay 2001 Sur la Decadence
0%
Short Story 2003 System Freeze
0%
Short Story 2003 The Curious Case of Miss Violet Stone (1894)
0%
Short Story 2004 The Devil of Delery Street
0%
Short Story 2003 The Feast of St. Rosalie
0%
Short Story 2002 The Freaks
0%
Short Story 2008 The Gulf
0%
Short Story 2003 The Heart of New Orleans (A Dr. Brite Story)
0%
Short Story 2007 The H.O.G. Syndrome
0%
Short Story 2007 The Last Good Day of My Life (A True Story)
0%
Short Story 2003 The Ocean
0%
Essay 2001 The Poetry of Violence
0%
Short Story 2005 The Working Slob's Prayer (Being a Night in the History of the Peychaud Grill)
0%
Short Story 2004 Used Stories
0%
Short Story 1998 Vine of the Soul
0%
Short Story 2006 Wandering the Borderlands
0%
Essay 2001 Wildlife and Death in Manhattan
0%
Short Story 2006 Wound Man and Horned Melon Go to Hell (A Dr. Brite Story)
0%
No matching quizzes found
Score Distribution
Percent of People with Each Score
Percentile by Number Answered
Your Score History
You have not taken this quiz